Statistics for Голмайсторите от финалите на СП по футбол

Click here to take the quiz!

General Stats

  • This quiz has been taken 18 times
    (7 since last reset)
  • The average score is 23 of 64

Answer Stats

Answer% Correct
Зидан
100%
Меси
100%
Мбапе
100%
Иниеста
100%
Роналдо
100%
Роси
86%
Ди Мария
71%
Пеле
71%
Бреме
71%
Матераци
71%
Манджукич
71%
Гризман
71%
Погба
71%
Кемпес
71%
Гьотце
71%
Мюлер
57%
Вава
57%
Румениге
57%
Фьолер
57%
Буручага
57%
Хърст
43%
Тардели
43%
Алберто
29%
Браун
29%
Бертони
29%
Нанинга
29%
Орси
29%
Перишич
29%
Брайтнер
29%
Алтобели
29%
Ран
29%
Жаирзиньо
29%
Валдано
29%
Пети
29%
Питърс
29%
Зито
29%
Стабиле
29%
Гиджа
29%
Пушкаш
29%
Загало
29%
Цибор
29%
Пуч
29%
Кастро
14%
Лидхолм
14%
Неескенс
14%
Пиола
14%
Шароши
14%
Халер
14%
Скиафино
14%
Масопуст
14%
Дорадо
0%
Жерсон
0%
Пеуселе
0%
Вебер
0%
Амарилдо
0%
Симонсон
0%
Морлок
0%
Фриаса
0%
Титкош
0%
Колауси
0%
Скиавио
0%
Ириарте
0%
Сеа
0%
Бонинсеня
0%

Score Distribution

Percentile by Number Answered

Percent of People with Each Score

Your Score History

You have not taken this quiz since the last reset